Pixelated World Map in 3 Minutes - Statistics

General Stats
  • This quiz has been taken 5,932 times
  • The average score is 967 of 1129
Answers on the Map
Answers color-coded by a green-red scale on the quiz's map according to % correct below.
 
Answer Stats
Country % Correct
United States
99%
Canada
98%
Russia
98%
Brazil
96%
China
96%
Mexico
95%
Argentina
93%
Australia
93%
Denmark
93%
United Kingdom
93%
India
92%
France
91%
Chile
89%
Germany
87%
Norway
87%
Peru
87%
South Africa
87%
Sweden
87%
Colombia
85%
Finland
85%
Spain
85%
Mongolia
84%
Bolivia
82%
Kazakhstan
82%
Iceland
81%
Algeria
80%
Democratic Republic of the Congo
80%
Venezuela
80%
Egypt
79%
Japan
78%
Iran
77%
Ireland
77%
Indonesia
76%
Poland
75%
Saudi Arabia
75%
Libya
74%
Turkey
74%
Niger
73%
Italy
72%
Paraguay
72%
Ukraine
72%
Uruguay
72%
Ecuador
70%
Pakistan
69%
Sudan
69%
Morocco
68%
Nigeria
68%
Madagascar
67%
New Zealand
67%
Chad
66%
Iraq
66%
Thailand
66%
Mali
65%
Republic of the Congo
65%
Suriname
64%
Guyana
63%
Ethiopia
61%
South Korea
61%
Angola
60%
Guatemala
60%
Afghanistan
59%
Greece
59%
Namibia
59%
North Korea
58%
Vietnam
58%
Nicaragua
57%
Belarus
56%
Netherlands
55%
Mauritania
54%
Myanmar
54%
Mozambique
53%
Papua New Guinea
52%
Malaysia
51%
Kenya
50%
Somalia
50%
Tanzania
50%
Oman
49%
Philippines
49%
Romania
49%
South Sudan
49%
Yemen
49%
Botswana
47%
Central African Republic
47%
Laos
47%
Cambodia
46%
Uzbekistan
46%
Zambia
46%
Nepal
44%
Tunisia
44%
Lithuania
43%
Turkmenistan
43%
Austria
42%
Zimbabwe
41%
Bangladesh
39%
Bulgaria
39%
Hungary
39%
Serbia
38%
Syria
37%
Czech Republic
36%
Tajikistan
35%
Cameroon
34%
Ghana
34%
Kyrgyzstan
34%
Jordan
30%
Uganda
29%
Azerbaijan
28%
Senegal
28%
Gabon
27%
Guinea
26%
Eritrea
25%
Burkina Faso
24%
Ivory Coast
24%
Benin
19%
Sierra Leone
19%
No matching quizzes found
Score Distribution
Percent of People with Each Score
Percentile by Number Answered
Your Score History
You have not taken this quiz